Berpantang maut sebelum ajal

Bibliographic Details
Format: Book
Published: Shah Alam : Karisma , 2006
Series:Siri pengalaman ekspedisi
Subjects:

MARC

LEADER 00000cam a2200000 7i4500
001 0000054477
005 20220105105353.0
008 151107
020 |a 9831951700 
090 0 0 |a AD   |b MAL 
245 0 0 |a Berpantang maut sebelum ajal 
260 |a Shah Alam :   |b Karisma ,   |c 2006 
300 |a 53pg. 
490 1 |a Siri pengalaman ekspedisi 
500 |a Children ages 7-9 years old (orange) 
650 0 |a Children's story, Malay 
999 |a 0000951794   |b Book   |c Children Collection   |e Cawangan Segamat 
999 |a 0000951795   |b Book   |c Children Collection   |e Cawangan Tangkak 
999 |a 0000951796   |b Book   |c Children Collection   |e Cawangan Bukit Gambir 
999 |a 0000951797   |b Book   |c Children Collection   |e Cawangan Bandar Penawar